• 首页
  • 本馆介绍
  • 公告通知
  • 最新文献
  • 馆藏检索
  • 电子资源
  • 读者导购
  • 参考咨询
  • 我的图书馆
  • 登录
  • 详细信息显示
  • 放入我的书架
  • 预约/预借图书
  • 作者相关作品
  • 分类相关作品
  • 丛书相关作品
  • 出版社相关作品

书目信息

  • 表格格式
  • 工作单格式
  • 卡片格式
题名:
氧化物阴极中的物理现象
    
 
作者: 普奇真 著 ;毛振琮 译
分册:  
出版信息: 北京   科学出版社  1957
页数: 110页
开本: 20cm
丛书名:
单 册:
中图分类: O462.1
科图分类:
主题词: 真空电子学 , 电子物理学
电子资源:
ISBN:
000 00726nam0 2200241 450
001 0656636796
005 20060424154857.81
010    @dCNY0.70
091    @a13031.373
100    @a20060424d1957 km y0chiy0120 ea
101 0  @achi@crus
102    @aCN@b110000
102    @aCN@b110000
200 1  @a氧化物阴极中的物理现象@Ayang hua wu yin ji zhong de wu li xian xiang@f(苏)С·В·普奇真著@F(su)С·В·pu qi zhen zhu@g毛振琮等译@Gmao zhen cong deng yi
210    @a北京@c科学出版社@d1957
215    @a110页@d20cm
606 0  @a真空电子学
606 0  @a电子物理学
690    @aO462.1@v3
701  0 @a普奇真@Apu qi zhen@4著
702  0 @a毛振琮@Amao zhen cong@4译
801  0 @aCN@bPFT@c20060424
905    @a10447@dO462.1@e6
    
    氧化物阴极中的物理现象/(苏)С·В·普奇真著/毛振琮等译.-北京:科学出版社,1957
    110页;20cm
    
    
    ISBN :CNY0.70
    
●
相关链接 在E读中查询图书 在五车中查询图书 在当当中查询图书 在豆瓣中查询图书


正题名:氧化物阴极中的物理现象     索取号:O462.1/6         预约/预借

序号 登录号 条形码 馆藏地/架位号 状态 备注
1 0016811   202285712   密集书库/ [索取号:O462.1/6] 在馆    
2 0016812   202285669   密集书库/ [索取号:O462.1/6] 在馆    
唐山师范学院图书馆 欢迎您!
大连网信软件有限公司© 版权所有